Dzielnice Jasła z mapą - Statystyki

Ogólne statystyki
  • Ten quiz został rozwiązany 29 razy
  • Średni wynik to 8 z 16
Odpowiedzi na mapie
Odpowiedzi zakodowano w zielono-czerwonej skali na mapie do tego quizu, zgodnie z poniższymi procentami.
 
Statystyki odpowiedzi
Osiedle/Dzielnice % Poprawnych
Gamrat
87%
Rafineria
67%
Śródmieście
67%
Hankówka
60%
Gądki
53%
Niegłowice
53%
Bryły
47%
Kopernika
47%
Brzyszczki
40%
Górka Klasztorna
40%
Mickiewicza
40%
Sobniów
40%
Żółków
40%
Krajowice
33%
Kaczorowy
27%
Ulaszowice
27%
Nie znaleziono quizów pasujących do podanych kryteriów
Rozkład punktacji
Procent ludzi z każdym wynikiem
Percentyl według liczby udzielonych odpowiedzi
Twoja historia wyników
Nie rozwiązałeś tego quizu